| 000 | 00427nam a22001697a 4500 | ||
|---|---|---|---|
| 003 | MPLRDC | ||
| 005 | 20220104125414.0 | ||
| 008 | 210129b ||||| |||| 00| 0 eng d | ||
| 020 | _a7-5378-0884-8 | ||
| 082 | _a857.4541 LLX v.2 | ||
| 100 | _a刘林仙、黄国祥著 | ||
| 245 |
_a薛仁贵征东. 下 _c |
||
| 260 |
_a _b北岳文艺出版社 _c |
||
| 300 | _b平 | ||
| 650 | _a历史小说 | ||
| 942 |
_cBK _o857.4541 LLX v.2 |
||
| 999 |
_c27102 _d27092 |
||